00705nam a2200217 i 4500001000300000245007100003260005000074300003500124504002400159650001800183650002600201650001600227700002800243020002100271020002500292040000800317041000700325080001600332008004100348856009800389bg00aManual of fish sclerochronology /cedts Jacques Panfili [ et al.]. aParis ;aPlouzané :bIRD :bIfremer,c2002. a463 s. :bil. ;c24 cm +eDVD. aBibliogr. - Indeks. 9aRybyxbadanie 9aBiologiaxzagadnienia 9aMikrochemia1 aPANFILI, Jacques.eRed. a2709914905 (IRD) a2844330673 (Ifremer) cBPK0 aen a597.2/.5:57 s pl f |000 0 pol  uhttp://koha.tu.koszalin.pl/cgi-bin/koha/opac-detail.pl?biblionumber=42201yKatalog online BPK